Statistiques concernant Guess the F1 championship

Cliquez ici pour prendre le quiz!

Statistiques générales

  • Ce quiz a été pris 36 fois
  • Le résultat moyen est 35 sur 74

Statistiques - réponses

HintRéponse% Correct
Alonso2006
76%
Schumi2002
71%
Lewis2008
71%
Lewis2014
71%
Lewis2019
71%
Lewis2020
71%
Max2022
71%
Max2023
71%
Farina1950
67%
Mika1998
67%
Mika1999
67%
Schumi2004
67%
Alonso2005
67%
Kimi2007
67%
Seb2010
67%
Seb2012
67%
Nico2016
67%
Lewis2017
67%
Max2021
67%
Prost1993
62%
Jacques1997
62%
Schumi2003
62%
Jenson2009
62%
Seb2011
62%
Seb2013
62%
Lewis2015
62%
Fangio1951
52%
Ascari1952
52%
Lauda1984
52%
Schumi1994
52%
Hunt1976
48%
Piquet1983
48%
Lewis2018
48%
Ascari1953
43%
Fangio1955
43%
Fangio1957
43%
Lauda1975
43%
Lauda1977
43%
Senna1991
43%
Mansell1992
43%
Schumi2000
43%
Schumi2001
43%
Fangio1954
38%
Andretti1978
38%
Schekter1979
38%
Keke1982
38%
Piquet1987
38%
Senna1988
38%
Senna1990
38%
Clark1963
33%
Rindt1970
33%
Stewart1971
33%
Fittipaldi1972
33%
Stewart1973
33%
Jones1980
33%
Prost1985
33%
Prost1986
33%
Prost1989
33%
Schumi1995
33%
Damon Hill1996
33%
Fangio1956
29%
Hawthorn1958
29%
Brabham1959
29%
Brabham1960
29%
Graham Hill1962
29%
Surtees1964
29%
Clark1965
29%
Brabham1966
29%
Hulme1967
29%
Graham Hill1968
29%
Stewart1969
29%
Fittipaldi1974
29%
Piquet1981
29%
Phil Hill1961
24%

Distribution des résultats

Percentile par nombre de réponses

% des personnes avec chaque résultat

Votre développement - résultats

Vous n’avez pas pris ce quiz